Football par lettre - E - Statistiques

Statistiques générales
  • Ce quiz a été pris 271 fois
  • Le résultat moyen est 11 sur 20
Statistiques - réponses
Hint Réponse % Correct
Il a fait un malaise cardiaque lors de l'Euro 2020 Christian Eriksen
94%
Il a offert l'Euro 2016 au Portugal Eder
94%
Autre club de Barcelone Espanyol
89%
Club évoluant à Goodison Park Everton
87%
Pays d'origine du ballon d'or 1960 Espagne
84%
Le club de Troyes est connu sous cet acronyme ESTAC
83%
Il porte le numero 31 à Manchester City Ederson
81%
Il a rappelé à Guardiola qu'il n'était pas un grand joueur Samuel Eto'o
79%
Club de Francfort Eintracht
77%
Ancien capitaine des Bleus, il a fait la chasse à la taupe en 2010 Patrice Evra
59%
Club le plus titré de Tunisie Esperance
45%
Joueur de Francfort dont le nom est un palindrome Hugo Ekitike
36%
Ballon d'or né au Mozambique Eusebio
34%
Vainqueur de la coupe de France 2009 EA Guingamp
31%
Adversaire du Bresil en ouverture de la CDM 1998 Ecosse
30%
En France, on ne peut pas en avoir plus de 4 dans son effectif Joueur extra-communautaire
24%
Animal anciennement rattaché à l'équipe du Bénin Ecureuil
19%
Joueur Brésilien qui a marqué un quintuplé pour Nice le 26 octobre 2014 Carlos Eduardo
16%
Ce gardien a marqué un penalty face à l'OL en LDC Vincent Enyeama
5%
Penalty, en allemand Elfmeter
3%
Aucun quiz correspondant
Distribution des résultats
% des personnes avec chaque résultat
Percentile par nombre de réponses
Votre historique - résultats
Vous n’avez pas pris ce quiz